000 00606nam a2200181Ia 4500
003 GCL
008 140319s9999 xx 000 0 ara d
040 _aGCL /
_cGCL
082 0 4 _a810.8
_bظ ك
100 1 _aالظاهرى, غرس الدين خليل بن شاه
245 1 0 _aكتاب زبدة كشف الممالك و بيان الطرق و المسالك /
_cالظاهرى, غرس الدين خليل بن شاه
260 _a[S.N] :
_bدار الكتب المصرية
300 _a157 ص
490 _a
650 0 4 _aالادب العربى
650 0 4 _aالمجموعات
942 _2ddc
_cBK
999 _c58605
_d58605